000 01024cam a22002295a 4500
001 L159134
008 160208s2015 xxk f 000 0 eng d
020 _a9781118992180
035 _a(Sirsi) u159134
041 0 _aeng
100 1 _aGibson, Roger
245 0 2 _aA practical guide to disruption and productivity loss on construction and engineering projects
_h[electronic resource]
260 _aChichester
_bJohn Wiley & Sons
_c2015
300 _aeBook
520 _aExplains the key causes of disruption and productivity loss. Discusses the project records that are necessary to demonstrate the causes of disruption, lost productivity and reduced efficiency including quantification of a disruption claim in terms of delays to activities and associated costs.
590 _aKA
651 4 _aUnited Kingdom
690 _aConstruction management
_96230
690 _aProject management
_96261
856 4 0 _uhttps://www.vlebooks.com/
_zView on VLEbooks. Logins for members only from [email protected]
942 _n0
999 _c115694
_d115694